[Event "BAN Walton 1st League"]
[Site "Dhaka"]
[Date "2016.12.13"]
[Round "8.4"]
[White "Mohammad, Javed"]
[Black "Barua, PJ Bakul"]
[Result "1/2-1/2"]
[WhiteElo "2176"]
[BlackElo "1985"]
[PlyCount "107"]
[EventDate "2016.12.06"]
[EventType "team-tourn"]
[EventRounds "9"]
[EventCountry "BAN"]
[SourceTitle "CBM 176 Extra"]
[Source "ChessBase"]
[SourceDate "2017.03.02"]
[SourceVersion "1"]
[SourceVersionDate "2017.03.02"]
[SourceQuality "1"]
[WhiteTeam "Bangladesh Navy"]
[BlackTeam "Fire Service & Civil Defense"]
[WhiteTeamCountry "BAN"]
[BlackTeamCountry "BAN"]

1. e4 c5 2. Nf3 d6 3. d4 cxd4 4. Nxd4 Nf6 5. Nc3 a6 6. Bg5 e6 7. f4 Qb6 8. Qd2 Nc6 9. 0-0-0 Nxd4 10. Qxd4 Qxd4 11. Rxd4 Be7 12. Be2 Bd7 13. Bxf6 gxf6 14. f5 Bc6 15. Bh5 Kf8 16. Rf1 Rg8 17. g4 e5 18. Rd2 h6 19. h4 Rd8 20. Rf3 Rd7 21. Nd5 Bxd5 22. Rxd5 Bd8 23. c4 Bb6 24. Kd2 Ke7 25. Ke2 Rc8 26. b3 Bc5 27. g5 hxg5 28. hxg5 Rh8 29. gxf6+ Kxf6 30. Rh3 Rdd8 31. Rdd3 Rdg8 32. Bg4 Rxh3 33. Bxh3 Rg1 34. Rd1 Rg7 35. Kf3 Rh7 36. Kg4 Rh8 37. Bg2 b5 38. cxb5 axb5 39. a4 bxa4 40. bxa4 Bd4 41. Rd2 Rg8+ 42. Kf3 Ra8 43. Ra2 Ra5 44. Bf1 d5 45. Bb5 dxe4+ 46. Kxe4 Ra7 47. Rc2 Ra8 48. Rc7 Ra7 49. Rc8 Kg5 50. Rg8+ Kf6 51. Rc8 Kg5 52. Rg8+ Kf6 53. Rc8 Kg5 54. Rg8+ 1/2-1/2

[Event "BAN Walton 1st League"]
[Site "Dhaka"]
[Date "2016.12.11"]
[Round "6.4"]
[White "Amonatov, Farrukh"]
[Black "Barua, PJ Bakul"]
[Result "1-0"]
[WhiteElo "2620"]
[BlackElo "1985"]
[PlyCount "78"]
[EventDate "2016.12.06"]
[EventType "team-tourn"]
[EventRounds "9"]
[EventCountry "BAN"]
[SourceTitle "CBM 176 Extra"]
[Source "ChessBase"]
[SourceDate "2017.03.02"]
[SourceVersion "1"]
[SourceVersionDate "2017.03.02"]
[SourceQuality "1"]
[WhiteTeam "Sheikh Russel Memorial"]
[BlackTeam "Fire Service & Civil Defense"]
[WhiteTeamCountry "BAN"]
[BlackTeamCountry "BAN"]

1. e4 c5 2. Nf3 d6 3. d4 cxd4 4. Nxd4 Nf6 5. Nc3 a6 6. h3 e6 7. g4 Qc7 8. g5 Nfd7 9. f4 Nc6 10. Be3 Nxd4 11. Qxd4 b5 12. 0-0-0 Bb7 13. Kb1 Rc8 14. a3 e5 15. Qd2 exf4 16. Bxf4 Ne5 17. Nd5 Bxd5 18. exd5 Ng6 19. Bg3 Be7 20. h4 h6 21. Bh3 Rd8 22. Bf5 Ne5 23. Bxe5 dxe5 24. g6 f6 25. Be6 Bd6 26. Rh3 Qa7 27. Rc3 Rb8 28. Rc6 Ke7 29. Qa5 Rb7 30. Rxa6 Qc5 31. Rc6 Qf2 32. Rd3 b4 33. Qa6 Ra7 34. Qb6 Qxb6 35. Rxb6 Rha8 36. Bf5 bxa3 37. bxa3 Bxa3 38. d6+ Kd8 39. Rdb3 Bxd6 1-0

[Event "BAN Walton 1st League"]
[Site "Dhaka"]
[Date "2016.12.10"]
[Round "5.4"]
[White "Barua, PJ Bakul"]
[Black "Ahmed, Feroz"]
[Result "1-0"]
[WhiteElo "1985"]
[BlackElo "1943"]
[PlyCount "64"]
[EventDate "2016.12.06"]
[EventType "team-tourn"]
[EventRounds "9"]
[EventCountry "BAN"]
[SourceTitle "CBM 176 Extra"]
[Source "ChessBase"]
[SourceDate "2017.03.02"]
[SourceVersion "1"]
[SourceVersionDate "2017.03.02"]
[SourceQuality "1"]
[WhiteTeam "Fire Service & Civil Defense"]
[BlackTeam "Sonali Bank Sports"]
[WhiteTeamCountry "BAN"]
[BlackTeamCountry "BAN"]

1. e4 c5 2. Nf3 Nc6 3. d4 cxd4 4. Nxd4 e6 5. a3 a6 6. Nc3 Qc7 7. Be2 Nf6 8. Be3 b5 9. Nxc6 dxc6 10. 0-0 b4 11. axb4 Bxb4 12. Bd3 0-0 13. Qe2 a5 14. f4 Bb7 15. e5 Nd7 16. Ne4 Be7 17. b3 c5 18. Nd2 Nb6 19. Nc4 Nd5 20. Bd2 Nb4 21. Be4 Rfd8 22. Bxb7 Qxb7 23. Bxb4 Qxb4 24. Ra4 Qc3 25. h3 Ra7 26. Rf3 Qd4+ 27. Qf2 Qd1+ 28. Kh2 Rad7 29. Nd6 Bxd6 30. exd6 Rxd6 31. Qxc5 R6d7 32. Rxa5 h6 1-0

[Event "BAN-chB 42nd"]
[Site "Dhaka"]
[Date "2016.10.26"]
[Round "7"]
[White "Barua, PJ Bakul"]
[Black "Rahman, Syed Mahfuzur"]
[Result "0-1"]
[WhiteElo "1976"]
[BlackElo "2252"]
[PlyCount "41"]
[EventDate "2016.10.20"]
[EventType "swiss"]
[EventRounds "11"]
[EventCountry "BAN"]
[SourceTitle "CBM 175 Extra"]
[Source "ChessBase"]
[SourceDate "2016.12.12"]
[SourceVersion "1"]
[SourceVersionDate "2016.12.12"]
[SourceQuality "1"]

1. e4 c5 2. Nf3 d6 3. d4 cxd4 4. Nxd4 Nf6 5. Nc3 a6 6. Be2 e5 7. Nb3 Be7 8. 0-0 Be6 9. f4 Qc7 10. Be3 Nbd7 11. Qd2 Rc8 12. h3 0-0 13. Rad1 Nb6 14. f5 Nc4 15. Bxc4 Bxc4 16. Rfe1 d5 17. exd5 Rfd8 18. Qf2 Nxd5 19. Nxd5 Bxd5 20. c3 Qc4 21. Kh2 0-1

[Event "BAN-chB 41st"]
[Site "Dhaka"]
[Date "2015.10.19"]
[Round "5"]
[White "Barua, PJ Bakul"]
[Black "Uten"]
[Result "0-1"]
[WhiteElo "2006"]
[BlackElo "2185"]
[PlyCount "45"]
[EventDate "2015.10.15"]
[EventType "swiss"]
[EventRounds "11"]
[EventCountry "BAN"]
[SourceTitle "CBM 169 Extra"]
[Source "ChessBase"]
[SourceDate "2015.12.18"]
[SourceVersion "1"]
[SourceVersionDate "2015.12.18"]
[SourceQuality "1"]

1. e4 c5 2. Nf3 d6 3. d4 cxd4 4. Nxd4 Nf6 5. Nc3 a6 6. Be2 e5 7. Nb3 Be7 8. Be3 Be6 9. 0-0 0-0 10. f4 exf4 11. Rxf4 Nc6 12. Qd2 b5 13. a3 Qc7 14. Nd4 Ne5 15. h3 Rac8 16. Raf1 Nc4 17. Bxc4 Qxc4 18. Nf5 Bxf5 19. exf5 Qc6 20. Bd4 Rfe8 21. Qd3 Bd8 22. Kh1 Bb6 23. Bxf6 0-1

[Event "BAN-chT"]
[Site "Dhaka"]
[Date "2014.11.18"]
[Round "7"]
[White "Hossain, Delwar"]
[Black "Barua, PJ Bakul"]
[Result "1-0"]
[WhiteElo "2126"]
[BlackElo "1965"]
[PlyCount "108"]
[EventDate "2014.11.12"]
[EventType "team-tourn"]
[EventRounds "9"]
[EventCountry "BAN"]
[SourceTitle "CBM 163 Extra"]
[Source "ChessBase"]
[SourceDate "2014.12.23"]
[SourceVersion "1"]
[SourceVersionDate "2014.12.23"]
[SourceQuality "1"]
[WhiteTeam "Sultana Kamal Smirity Pathagar"]
[BlackTeam "Civil Defense"]
[WhiteTeamCountry "BAN"]
[BlackTeamCountry "BAN"]

1. c4 e5 2. Nc3 Nf6 3. Nf3 Nc6 4. g3 d6 5. Bg2 g6 6. d4 exd4 7. Nxd4 Bd7 8. Bg5 Bg7 9. Ne4 h6 10. Bxf6 Bxf6 11. Nxf6+ Qxf6 12. Nxc6 Bxc6 13. Bxc6+ bxc6 14. Qa4 0-0 15. 0-0 Qxb2 16. Qxc6 Qb6 17. Qd5 Rae8 18. Rab1 Qa6 19. e3 Re5 20. Qd3 Rc5 21. Rb5 Qc6 22. Rxc5 Qxc5 23. Rb1 Re8 24. Rb5 Qc6 25. Qd4 a6 26. Rb3 h5 27. h4 Kf8 28. a3 Re5 29. f4 Re8 30. Qd5 Qa4 31. Rc3 Rb8 32. Qd3 Rb2 33. c5 Qc6 34. e4 dxc5 35. Qd8+ Kg7 36. Qd5 Rb1+ 37. Kf2 Qb5 38. Qd3 Qb2+ 39. Rc2 Qa1 40. Qc3+ Qxc3 41. Rxc3 Rb5 42. e5 Kf8 43. a4 Rb4 44. Rxc5 Rxa4 45. Rxc7 Ra2+ 46. Kf3 Ra3+ 47. Kg2 Ra2+ 48. Kh3 Ke8 49. e6 fxe6 50. Rg7 Kf8 51. Rxg6 Kf7 52. Rg5 Ra3 53. Rxh5 Ra1 54. Kg4 Ra3 1-0

[Event "BAN-chT"]
[Site "Dhaka"]
[Date "2014.11.14"]
[Round "3"]
[White "Mohammad Fahad, Rahman"]
[Black "Barua, PJ Bakul"]
[Result "1-0"]
[WhiteElo "2152"]
[BlackElo "1965"]
[PlyCount "75"]
[EventDate "2014.11.12"]
[EventType "team-tourn"]
[EventRounds "9"]
[EventCountry "BAN"]
[SourceTitle "EXT 2015"]
[Source "ChessBase"]
[SourceDate "2014.11.20"]
[SourceVersion "1"]
[SourceVersionDate "2014.11.20"]
[SourceQuality "1"]
[WhiteTeam "Titas CC"]
[BlackTeam "Civil Defense"]
[WhiteTeamCountry "BAN"]
[BlackTeamCountry "BAN"]

1. c4 e5 2. Nc3 Nf6 3. g3 Nc6 4. Bg2 Be7 5. e3 d6 6. a3 0-0 7. Nge2 Be6 8. d3 d5 9. cxd5 Nxd5 10. 0-0 Qd7 11. Qc2 Rad8 12. Rd1 Nf6 13. b4 Bf5 14. e4 Bh3 15. Be3 Bxg2 16. Kxg2 a6 17. Na4 Qe6 18. Bc5 Bd6 19. Rab1 Ne7 20. b5 Ng6 21. f3 axb5 22. Rxb5 b6 23. Bb4 Ra8 24. d4 Rfe8 25. Bxd6 cxd6 26. d5 Qd7 27. Nec3 Qc7 28. Rxb6 Ne7 29. Qb3 Rab8 30. Rb4 Rxb4 31. axb4 Nh5 32. b5 f5 33. b6 Qb7 34. Nb5 Nc8 35. Rc1 fxe4 36. fxe4 Qd7 37. Nc7 Rf8 38. Ne6 1-0